Development and evaluation of biotyping method of salmonella typhi and its correlation with phage typing (Record no. 73996)

MARC details
000 -LEADER
fixed length control field 00380nam a2200133Ia 4500
008 - FIXED-LENGTH DATA ELEMENTS--GENERAL INFORMATION
fixed length control field 230917s9999||||xx |||||||||||||| ||und||
040 ## - CATALOGING SOURCE
-- 90578
Original cataloging agency VIVEKANANDA LIBRARY
041 ## - Language
-- English
082 ## - DDC NUMBER
Classification number 616.01 G919D
100 ## - MAIN ENTRY--PERSONAL NAME
Personal name Grover, Mala
245 #0 - TITLE STATEMENT
Title Development and evaluation of biotyping method of salmonella typhi and its correlation with phage typing
300 ## - PHYSICAL DESCRIPTION
Pages 82 p.
942 ## - ADDED ENTRY ELEMENTS (KOHA)
Koha item type Thesis
Holdings
Withdrawn status Lost status Damaged status Not for loan Location (home branch) Sublocation or collection (holding branch) Shelving location Date acquired Koha issues (times borrowed) Koha full call number Accession No. Koha date last seen Koha item type
        VIVEKANANDA LIBRARY VIVEKANANDA LIBRARY Reference 14/05/2003   616.01 G919D 148617 17/09/2023 Thesis
        VIVEKANANDA LIBRARY VIVEKANANDA LIBRARY Reference 14/05/2003   616.01 G919D 149309 17/09/2023 Thesis
© Designed and Maintained by Vivekananda Library, MDU Rohtak